000 01096cam a2200301 a 4500
005 20260322212041.0
008 data
010 _a 95077265
020 _a9781563522697 (hbk.)
020 _a1563522691 (hbk.)
040 _aDLC
_cDLC
_dDLC
050 0 0 _aGV884.B28
_bT85 1996
082 0 0 _aB
_aB
_222
092 _a796.32 T85 1996
100 1 _aTulumello, Mike.
245 1 0 _aBreaking the rules :
_ba volatile season with sport's most colorful team : Charles Barkley's Phoenix Suns /
_cMike Tulumello.
260 _aAtlanta, GA :
_bLongstreet Press,
_cc1996.
300 _a299 p. :
_bill. ;
_c24 cm.
600 1 0 _aBarkley, Charles,
_d1963-
610 2 0 _aPhoenix Suns (Basketball team)
650 0 _aBasketball players
_zPhoenix
_zPhoenix
_vBiography
650 0 _aBasketball teams
_zPhoenix.
_zPhoenix.
906 _a0
_bibc
_corignew
_d2
_eopcn
_f19
_gy-gencatlg
922 _aad
955 _dsf10 2008-04-22 (telework)
_esf31 2008-04-29 to Dewey
963 _aShannon Maggio (404-980-1488) 2140 Newmarket Pkwy, Ste 118, 30067
001 data
999 _c975
_d975